Все о драгоценных и полудрагоценных камнях

গ্রন্থ-পঞ্জীর বিবরন
অন্যান্য লেখক: Пономарёв В. Т. Владимир Тихонович (составитель)
সংক্ষিপ্ত:Книга рассказывает о драгоценных и полудрагоценных камнях, их классификации, использовании в ювелирном деле, физико-химических и лечебных свойствах, основных типах и элементах огранки.
ভাষা:রুশ
প্রকাশিত: Москва, АСТ, 2007
মালা:Секреты мастера
বিষয়গুলি:
বিন্যাস: গ্রন্থ
KOHA link:https://koha.lib.tpu.ru/cgi-bin/koha/opac-detail.pl?biblionumber=132928

MARC

LEADER 00000nam0a2200000 4500
001 132928
005 20231031135142.0
010 |a 5170412282 
010 |a 966-09-0138-0 
035 |a (RuTPU)RU\TPU\book\143942 
090 |a 132928 
100 |a 20080311d2007 m y0rusy50 ca 
101 0 |a rus 
102 |a RU 
105 |a a z 001zy 
200 1 |a Все о драгоценных и полудрагоценных камнях  |f сост. В. Т. Пономарёв 
210 |a Москва  |c АСТ  |c Сталкер  |d 2007 
215 |a 160 с.  |c ил. 
225 1 |a Секреты мастера 
320 |a Литература: с. 158. 
330 |a Книга рассказывает о драгоценных и полудрагоценных камнях, их классификации, использовании в ювелирном деле, физико-химических и лечебных свойствах, основных типах и элементах огранки. 
610 1 |a драгоценные камни 
610 1 |a полудрагоценные камни 
610 1 |a классификация 
610 1 |a ювелирное дело 
610 1 |a использование 
610 1 |a физико-химические свойства 
610 1 |a лечебные свойства 
610 1 |a огранка 
675 |a 679.87  |v 3 
702 1 |a Пономарёв  |b В. Т.  |g Владимир Тихонович  |4 220 
801 1 |a RU  |b 63413507  |c 20080311  |g PSBO 
801 2 |a RU  |b 63413507  |c 20080530  |g PSBO 
942 |c BK 
959 |a 29/20080306  |d 1  |e 36,00  |f ЧЗТЛ:1